Turistel 99: Sur. Chillán a la Antártica
Guardat en:
| Autor corporatiu: | |
|---|---|
| Format: | Llibre |
| Idioma: | espanyol |
| Publicat: |
Santiago
Turiscom
1999
|
| Matèries: | |
| Etiquetes: |
Afegir etiqueta
Sense etiquetes, Sigues el primer a etiquetar aquest registre!
|
MARC
| LEADER | 00000nam a2200000 a 4500 | ||
|---|---|---|---|
| 001 | UCO0537 | ||
| 003 | CL-VaPUC | ||
| 008 | 000420e19990000CL |||||||||||||||||spa|d | ||
| 082 | 0 | 4 | |a 918.304 |b COM |2 21 |
| 110 | 2 | |a Compañía de Teléfonos de Chile |e author |9 528663 | |
| 245 | 1 | 0 | |a Turistel 99: Sur. Chillán a la Antártica |
| 300 | |a 367 p | ||
| 942 | |c BK | ||
| 945 | |d 20000420 00:00:00 |a rbrito | ||
| 260 | |a Santiago |b Turiscom |c 1999 | ||
| 650 | 0 | |a Turismo |9 308920 | |
| 650 | 7 | |a CAMPING |2 CL-VaPUC |9 308205 | |
| 650 | 0 | |a Vacaciones |9 548460 | |
| 650 | 0 | |a Mapas |9 260844 | |
| 651 | 7 | |a CHILE |2 CL-VaPUC |9 528665 | |
| 651 | 7 | |a ZONA SUR |2 CL-VaPUC |9 264754 | |
| 583 | |a last modification |c 20000420 00:00:00 |k Rodrigo Vera | ||
| 999 | |c 329613 |d 329611 | ||
| 952 | |0 0 |1 0 |4 0 |6 918_304000000000000_COM_1999 |7 0 |8 P |9 414542 |a BIBARQ |b BIBARQ |d 2019-11-22 |i 3609936 |o 918.304 COM 1999 |p 3609936 |r 2025-01-20 |w 2019-11-22 |y BK |k ARQ | ||